Influence of foliar application by benzyladenine and yeast extract on growth, root yield, quality and chemical compositions of sugar beet (Beta vulgaris L.) plant | [electronic resource] (Record no. 66794)

MARC details
000 -LEADER
fixed length control field 02991nab a22002537a 4500
008 - FIXED-LENGTH DATA ELEMENTS--GENERAL INFORMATION
fixed length control field 210609s2020 ua ||||ss|||| 00| 0 eng d
040 ## - CATALOGING SOURCE
Original cataloging agency EAL
Transcribing agency EAL
041 ## - LANGUAGE CODE
Language code of text/sound track or separate title eng
Language code of summary or abstract ara
090 ## - LOCALLY ASSIGNED LC-TYPE CALL NUMBER (OCLC); LOCAL CALL NUMBER (RLIN)
Classification number (OCLC) (R) ; Classification number, CALL (RLIN) (NR) ART MUJPP V11 No12 20
100 1# - MAIN ENTRY--PERSONAL NAME
Personal name Eid, Rania S. M.
9 (RLIN) 33192
240 10 - UNIFORM TITLE
Uniform title Mansoura University journal of plant production, 2020 v. 11 (12)
Medium [electronic resource]
245 10 - TITLE STATEMENT
Title Influence of foliar application by benzyladenine and yeast extract on growth, root yield, quality and chemical compositions of sugar beet (Beta vulgaris L.) plant
Medium [electronic resource]
246 15 - VARYING FORM OF TITLE
Title proper/short title تأثير الرش الورقى بالبنزيل أدينين ومستخلص الخميرة على النمو ومحصول الجذور وجودته والمكونات الكيميائية لنبات<br/>بنجر السكر
300 ## - PHYSICAL DESCRIPTION
Extent 1341 - 1347 p.
504 ## - BIBLIOGRAPHY, ETC. NOTE
Bibliography, etc. note Includes bibliographic reference
520 ## - SUMMARY, ETC.
Summary, etc. Two field experiments were carried out at the Experimental Research Station, Faculty of Agriculture, Moshtohor, Benha University, Qalyoubia Governorate, Egypt, during 2016/2017 and 2017/2018 seasons, to study the effect of foliar application of benzyladenine (BA at 50 and 100ppm) and yeast extract (at 100 and 200 ml/L) in which were applied three times (50, 70 and 90 days after sowing) on growth, root yield characteristics and chemical compositions of sugar beet plant (Beta vulgaris L. cv. Ras-<br/>Poly). The obtained results indicated that, the foliar application with different applied treatments of both benzyladenine and yeast extract significantly increased all vegetative growth characteristics of roots (i.e. root length, diameter, fresh and dry weights/ plant) and leaves(i.e. leaves number, total leaves area/ plant and fresh and dry weights/ plant) at 110 days after sowing).The results also indicated that the foliar application of these treatments significantly increased root yield characteristics and quality at harvest time compared with control plants in both seasons. Data also showed that, foliar spraying of BA at 100ppm and yeast extract at 200 ml/L increased photosynthetic pigments, minerals contents, total carbohydrates and crude protein content in sugar beet leaves at 110 days after sowing. Results also gave the highest values of all studied vegetative growth and root yield characteristics as well as root quality in this study. Hence, it could be concluded that foliar application of benzyladenine (BA) at 100 ppm and yeast extract at 200 ml/L have promoting effect on growth, root yield and quality of sugar beet plants.<br/>Keywords: Sugar beet, Benzyladenine (BA), Yeast extract, Growth, Root yield and quality,
546 ## - LANGUAGE NOTE
Language note Summary in Arabic
650 #0 - SUBJECT ADDED ENTRY--TOPICAL TERM
Topical term or geographic name entry element Sugar beet
General subdivision Growth
9 (RLIN) 12347
650 #0 - SUBJECT ADDED ENTRY--TOPICAL TERM
Topical term or geographic name entry element Benzylaminopurine
9 (RLIN) 33198
650 #3 - SUBJECT ADDED ENTRY--TOPICAL TERM
Topical term or geographic name entry element yeast extract
773 0# - HOST ITEM ENTRY
Title Mansoura University Journal of Plant Production.
Related parts 2020.v.11(12)
International Standard Serial Number 2090-3669
Control subfield nnas
Record control number u183247
856 40 - ELECTRONIC LOCATION AND ACCESS
Uniform Resource Identifier http://nile.enal.sci.eg/EALE/2020/MUJPP/1120/12/1341.pdf
Public note Full Text Article
942 ## - ADDED ENTRY ELEMENTS (KOHA)
Source of classification or shelving scheme alc
Articles AR
Holdings
Withdrawn status Lost status Source of classification or shelving scheme Damaged status Not for loan Home library Current library Date acquired Total Checkouts Full call number Date last seen Price effective from Koha item type
    Alphabetical Classification     Main Main 06/09/2021   ART MUJPP V11 No12 20 06/09/2021 06/09/2021 Articles

Home | About ENAL | Collections | Services | Activities | Calendar | Contact us

7 Nadi El Sayed St., Giza, Egypt | Phone:02-33351121 +02-33351313 | 
| Email: enalegypt@gmail.com